[Event "Quebec op U2000"]
[Site "Montreal CAN"]
[Date "2012.07.26"]
[Round "7"]
[White "Robichaud, Nicolas"]
[Black "Villeneuve, Benoit"]
[Result "1/2-1/2"]
[WhiteElo "1145"]
[BlackElo "1740"]
[PlyCount "120"]
[GameId "2160767909442401"]
[EventDate "2012.07.21"]
[EventType "swiss"]
[EventRounds "9"]
[EventCountry "CAN"]
[SourceTitle "EXT 2022"]
[Source "ChessBase"]
[SourceDate "2021.10.06"]
[SourceVersion "1"]
[SourceVersionDate "2021.10.06"]
[SourceQuality "1"]

1. e4 c5 2. Nf3 Nc6 3. d4 cxd4 4. Nxd4 Nf6 5. Nc3 a6 6. Be2 e6 7. O-O Bb4 8. Nxc6 bxc6 9. Bd3 e5 10. Bg5 h6 11. Bh4 Be7 12. Kh1 g5 13. Bg3 d6 14. f3 Be6 15. Qe2 a5 16. Bc4 Qc8 17. Na4 Bxc4 18. Qxc4 Qb7 19. Nc3 Nh5 20. Nd1 Rc8 21. Be1 Bd8 22. Bc3 Bb6 23. Nf2 Nf4 24. Rad1 Ke7 25. b4 axb4 26. Qxb4 Qc7 27. Bxe5 c5 28. Bxd6+ Qxd6 29. Rxd6 cxb4 30. Rxb6 Rxc2 31. g3 Ne6 32. Nd3 Rxa2 33. Nxb4 Rd2 34. Nd5+ Kf8 35. Ne3 Kg7 36. Rb7 Kg6 37. Nc4 Ra2 38. Ne5+ Kf6 39. Nxf7 Rh7 40. Nd6 Rxb7 41. Nxb7 Ke5 42. Rc1 Rf2 43. Nc5 Rxf3 44. Nxe6 Kxe6 45. Rc6+ Ke5 46. Rxh6 Kxe4 47. Rh5 Rf5 48. Kg2 Ke5 49. Kh3 Kf6 50. Kg4 Rc5 51. h4 Rc4+ 52. Kh3 gxh4 53. Rxh4 Rc5 54. Kg4 Rg5+ 55. Kf3 Rc5 56. Re4 Kg5 57. Kf2 Rb5 58. Ke2 Rf5 59. Ke3 Ra5 60. Kf3 Rb5 1/2-1/2

[Event "Quebec op U2000"]
[Site "Montreal CAN"]
[Date "2012.07.26"]
[Round "7"]
[White "Sarra-Bournet, Marc"]
[Black "Isaev, Nikolay"]
[Result "1-0"]
[WhiteElo "1883"]
[BlackElo "1697"]
[PlyCount "47"]
[GameId "2160767909442402"]
[EventDate "2012.07.21"]
[EventType "swiss"]
[EventRounds "9"]
[EventCountry "CAN"]
[SourceTitle "EXT 2022"]
[Source "ChessBase"]
[SourceDate "2021.10.06"]
[SourceVersion "1"]
[SourceVersionDate "2021.10.06"]
[SourceQuality "1"]

1. e4 e6 2. d4 c5 3. c3 b6 4. d5 exd5 5. Qxd5 Nc6 6. Bc4 Qe7 7. Bg5 Nf6 8. Bxf6 Qxf6 9. Nf3 Bd6 10. O-O O-O 11. Nbd2 Bb7 12. Qh5 Ne5 13. Nxe5 Qxe5 14. Qh3 Qf4 15. Rad1 Bc7 16. g3 Qd6 17. Rfe1 b5 18. Bxb5 Qb6 19. a4 a6 20. Nc4 Qg6 21. Bxd7 Bxe4 22. Rxe4 Qxe4 23. Bf5 Qxf5 24. Qxf5 1-0

[Event "Quebec op U2000"]
[Site "Montreal CAN"]
[Date "2012.07.26"]
[Round "7"]
[White "Shi, Ling Yun"]
[Black "Brunet, Guy"]
[Result "0-1"]
[WhiteElo "1618"]
[BlackElo "1566"]
[PlyCount "126"]
[GameId "2160767909442403"]
[EventDate "2012.07.21"]
[EventType "swiss"]
[EventRounds "9"]
[EventCountry "CAN"]
[SourceTitle "EXT 2022"]
[Source "ChessBase"]
[SourceDate "2021.10.06"]
[SourceVersion "1"]
[SourceVersionDate "2021.10.06"]
[SourceQuality "1"]

1. e4 d5 2. exd5 Qxd5 3. Nc3 Qd8 4. Nf3 Nf6 5. d4 Bf5 6. Bc4 e6 7. a3 Be7 8. O-O O-O 9. Bd3 Bxd3 10. Qxd3 Nbd7 11. Re1 c6 12. Ne2 c5 13. Qb3 Qb6 14. Qxb6 Nxb6 15. dxc5 Bxc5 16. b4 Be7 17. Bb2 Rac8 18. Ned4 Nc4 19. Bc1 Rfd8 20. Bg5 h6 21. Bxf6 Bxf6 22. c3 a6 23. a4 Nb6 24. Rec1 Nxa4 25. Rxa4 Bxd4 26. Nxd4 Rxd4 27. Raa1 Rdc4 28. Kf1 Rxc3 29. Rxc3 Rxc3 30. Rb1 Kf8 31. Ke2 Ke7 32. Kd2 Rc7 33. Rb3 f6 34. g3 e5 35. Ke3 f5 36. h4 Rc4 37. f3 Kd6 38. Rd3+ Ke7 39. Rb3 Ke6 40. Rb2 g5 41. hxg5 hxg5 42. Kd3 Kd5 43. Rb3 e4+ 44. fxe4+ Rxe4 45. Kd2 Kc4 46. Rb1 Kb5 47. Rf1 f4 48. gxf4 Rxf4 49. Re1 Rxb4 50. Re5+ Ka4 51. Rxg5 Rc4 52. Rg3 b5 53. Rg1 b4 54. Ra1+ Kb5 55. Rh1 a5 56. Rh5+ Ka4 57. Rh3 b3 58. Rh1 Ka3 59. Ra1+ Kb4 60. Rh1 a4 61. Kd3 Rc5 62. Rh2 Ka3 63. Kd4 Rc2 0-1

[Event "Quebec op U2000"]
[Site "Montreal CAN"]
[Date "2012.07.26"]
[Round "7"]
[White "Yao, Houji"]
[Black "Autotte, Daniel"]
[Result "1-0"]
[WhiteElo "1885"]
[BlackElo "1796"]
[PlyCount "108"]
[GameId "2160767909442404"]
[EventDate "2012.07.21"]
[EventType "swiss"]
[EventRounds "9"]
[EventCountry "CAN"]
[SourceTitle "EXT 2022"]
[Source "ChessBase"]
[SourceDate "2021.10.06"]
[SourceVersion "1"]
[SourceVersionDate "2021.10.06"]
[SourceQuality "1"]

1. e4 e6 2. d4 d5 3. Nd2 c5 4. exd5 Qxd5 5. Ngf3 Nf6 6. Bc4 Qd6 7. O-O cxd4 8. Nb3 Qc7 9. Bb5+ Bd7 10. Nbxd4 a6 11. Bd3 Nc6 12. Re1 Be7 13. c3 O-O 14. Bg5 g6 15. Bh6 Rfe8 16. h3 Bf8 17. Qd2 Bg7 18. Bxg7 Kxg7 19. Rad1 e5 20. Nxc6 Bxc6 21. Nh2 e4 22. Bc2 Re7 23. Qd4 Qe5 24. Bb3 Rae8 25. Nf1 Rd7 26. Qe3 Red8 27. f3 Rxd1 28. Rxd1 Rxd1 29. Bxd1 Qb5 30. Bb3 exf3 31. gxf3 Qh5 32. Kg2 h6 33. Ng3 Qg5 34. Qxg5 hxg5 35. Kf2 Nd7 36. Ne2 f6 37. Kg3 Nc5 38. Nd4 Kf8 39. Ne6+ Nxe6 40. Bxe6 Ke7 41. Bb3 f5 42. f4 Kf6 43. fxg5+ Kxg5 44. h4+ Kf6 45. Kf4 b6 46. Bc4 a5 47. b4 axb4 48. cxb4 Be4 49. a4 Bc6 50. a5 bxa5 51. bxa5 Be4 52. a6 Ke7 53. a7 Kd6 54. Bf7 Kc7 1-0

[Event "Quebec op U2000"]
[Site "Montreal CAN"]
[Date "2012.07.26"]
[Round "7"]
[White "Yip, William"]
[Black "Nikulich, Oleksandr"]
[Result "0-1"]
[WhiteElo "1561"]
[BlackElo "1836"]
[PlyCount "102"]
[GameId "2160767909442405"]
[EventDate "2012.07.21"]
[EventType "swiss"]
[EventRounds "9"]
[EventCountry "CAN"]
[SourceTitle "EXT 2022"]
[Source "ChessBase"]
[SourceDate "2021.10.06"]
[SourceVersion "1"]
[SourceVersionDate "2021.10.06"]
[SourceQuality "1"]

1. d4 Nf6 2. c4 e6 3. Nc3 Bb4 4. e3 b6 5. Nge2 Bb7 6. a3 Be7 7. Ng3 d5 8. Bd2 O-O 9. f3 c5 10. cxd5 Nxd5 11. Bd3 cxd4 12. Nxd5 Qxd5 13. Be4 Qd7 14. Bxb7 Qxb7 15. exd4 Bh4 16. Bc3 Nc6 17. O-O Bxg3 18. hxg3 Rfd8 19. Qd2 Rd5 20. Qf2 Rad8 21. Rad1 e5 22. Rfe1 exd4 23. Qe2 Qd7 24. b4 Ne5 25. Bxd4 Rxd4 26. Rxd4 Qxd4+ 27. Kh1 Ng6 28. Qa6 Qf2 29. Qe2 Qxe2 30. Rxe2 Rd3 31. Ra2 a5 32. b5 a4 33. Rc2 Rb3 34. Rc4 Rxb5 35. Rxa4 Ra5 36. Rb4 b5 37. f4 f5 38. Kh2 Kf7 39. Rb3 Ne7 40. Kh3 Ra6 41. g4 Ra5 42. gxf5 Nxf5 43. Rd3 Ke6 44. g4 Nd6 45. Kh4 Nc4 46. f5+ Kf6 47. Rd5 Nxa3 48. g5+ Ke7 49. Re5+ Kf7 50. Rc5 Ra4+ 51. Kh5 g6+ 0-1

[Event "Quebec op U2000"]
[Site "Montreal CAN"]
[Date "2012.07.26"]
[Round "7"]
[White "Zhang, John"]
[Black "Libersan, Mattieu"]
[Result "1/2-1/2"]
[WhiteElo "1725"]
[BlackElo "1882"]
[PlyCount "107"]
[GameId "2160767909442406"]
[EventDate "2012.07.21"]
[EventType "swiss"]
[EventRounds "9"]
[EventCountry "CAN"]
[SourceTitle "EXT 2022"]
[Source "ChessBase"]
[SourceDate "2021.10.06"]
[SourceVersion "1"]
[SourceVersionDate "2021.10.06"]
[SourceQuality "1"]

1. e4 c5 2. Na3 Nc6 3. Bb5 Nf6 4. d3 g6 5. f4 Bg7 6. Nf3 O-O 7. c3 a6 8. Bxc6 dxc6 9. O-O b6 10. Nc4 Qc7 11. Qe1 b5 12. Ne3 c4 13. e5 Nd5 14. Nxd5 cxd5 15. d4 Bf5 16. Qh4 h6 17. g4 Be4 18. f5 Bxf3 19. Rxf3 g5 20. Bxg5 hxg5 21. Qh5 Qb6 22. Rh3 Rfb8 23. e6 fxe6 24. fxe6 Qxe6 25. Rf1 Bh6 26. Qxh6 Qxh6 27. Rxh6 b4 28. Rg6+ Kh7 29. Rxg5 bxc3 30. bxc3 Rb2 31. Rxd5 Rc2 32. Rf7+ Kg6 33. Rxe7 Rb8 34. Rde5 Rbb2 35. h4 Rg2+ 36. Kf1 Rxg4 37. h5+ Kf6 38. R7e6+ Kf7 39. Re7+ Kf6 40. R7e6+ Kf7 41. Re2 Rxe2 42. Rxe2 Rg3 43. Re5 Rxc3 44. Ra5 Rd3 45. Rxa6 Rxd4 46. Rc6 Rh4 47. h6 c3 48. Ke2 Rh2+ 49. Kf3 Rxa2 50. Rxc3 Ra6 51. Rc7+ Kg8 52. h7+ Kh8 53. Kg4 Ra5 54. Kh4 1/2-1/2

[Event "Quebec op U2000"]
[Site "Montreal CAN"]
[Date "2012.07.27"]
[Round "8"]
[White "Alcantara, Maximo jr"]
[Black "Pilotte, Benoit"]
[Result "1-0"]
[WhiteElo "1757"]
[BlackElo "1823"]
[PlyCount "67"]
[GameId "2160767909442407"]
[EventDate "2012.07.21"]
[EventType "swiss"]
[EventRounds "9"]
[EventCountry "CAN"]
[SourceTitle "EXT 2022"]
[Source "ChessBase"]
[SourceDate "2021.10.06"]
[SourceVersion "1"]
[SourceVersionDate "2021.10.06"]
[SourceQuality "1"]

1. e4 g6 2. d4 Bg7 3. c3 d6 4. Be3 a6 5. f4 b6 6. Nd2 e6 7. Ngf3 Ne7 8. Bd3 Nd7 9. O-O h6 10. Qc2 Nf6 11. h3 Bd7 12. Rae1 Qc8 13. Nh4 Nh7 14. e5 Nf5 15. Nxf5 exf5 16. d5 O-O 17. Bd4 c5 18. Bf2 dxe5 19. fxe5 Re8 20. Bg3 Qb8 21. Bh2 Bxe5 22. Rxe5 Rxe5 23. Nc4 f6 24. Nxe5 fxe5 25. Re1 Qb7 26. Rxe5 b5 27. b3 Ng5 28. c4 Rf8 29. Bf4 Nf7 30. Re7 Qc8 31. Qb2 Qd8 32. Qf6 Be8 33. Qxg6+ Kh8 34. Be5+ 1-0

[Event "Quebec op U2000"]
[Site "Montreal CAN"]
[Date "2012.07.27"]
[Round "8"]
[White "Baran, Marius"]
[Black "Noritsyn, Sergey"]
[Result "1-0"]
[WhiteElo "1788"]
[BlackElo "1723"]
[PlyCount "115"]
[GameId "2160767909442408"]
[EventDate "2012.07.21"]
[EventType "swiss"]
[EventRounds "9"]
[EventCountry "CAN"]
[SourceTitle "EXT 2022"]
[Source "ChessBase"]
[SourceDate "2021.10.06"]
[SourceVersion "1"]
[SourceVersionDate "2021.10.06"]
[SourceQuality "1"]

1. d4 Nf6 2. c4 e6 3. Nf3 Bb4+ 4. Bd2 Qe7 5. a3 Bxd2+ 6. Nbxd2 d5 7. e3 Nbd7 8. Qc2 O-O 9. cxd5 e5 10. Bc4 exd4 11. Nxd4 Nb6 12. O-O Nbxd5 13. Rfe1 Bd7 14. Bxd5 Nxd5 15. e4 Nf4 16. N2f3 c5 17. Nf5 Bxf5 18. exf5 Qc7 19. f6 gxf6 20. Qf5 Kg7 21. Re4 Ng6 22. Rae1 Rad8 23. h4 Qc8 24. Qxc8 Rxc8 25. h5 Ne5 26. Nxe5 fxe5 27. Rxe5 Rc7 28. g4 c4 29. R1e3 Rd8 30. Kg2 Rd2 31. Rb5 b6 32. Rc3 Rd4 33. f3 Rc6 34. a4 a6 35. Rb4 f6 36. Kf2 a5 37. Rb5 Kh6 38. Ke3 Rcd6 39. Ke2 Re6+ 40. Re3 Red6 41. Rc3 Re6+ 42. Kf2 Rd2+ 43. Kg3 Rd4 44. b3 cxb3 45. Rcxb3 Rxa4 46. Rxb6 Rxb6 47. Rxb6 Kg7 48. f4 Rb4 49. Ra6 a4 50. Kf3 Rb3+ 51. Ke4 Rb4+ 52. Kf5 Rb7 53. Ke6 Rb4 54. Ra7+ Kh6 55. Kf5 Rb5+ 56. Kxf6 Rb6+ 57. Kf7 Rb4 58. Ra6+ 1-0

[Event "Quebec op U2000"]
[Site "Montreal CAN"]
[Date "2012.07.27"]
[Round "8"]
[White "Benoit, Sebastien"]
[Black "Ouellet-Lahaie, Didier"]
[Result "1-0"]
[WhiteElo "1816"]
[BlackElo "1728"]
[PlyCount "35"]
[GameId "2160767909442409"]
[EventDate "2012.07.21"]
[EventType "swiss"]
[EventRounds "9"]
[EventCountry "CAN"]
[SourceTitle "EXT 2022"]
[Source "ChessBase"]
[SourceDate "2021.10.06"]
[SourceVersion "1"]
[SourceVersionDate "2021.10.06"]
[SourceQuality "1"]

1. e4 c5 2. Nf3 d6 3. d4 cxd4 4. Nxd4 a6 5. c4 Nf6 6. Nc3 g6 7. Be2 Bg7 8. Be3 O-O 9. O-O Nc6 10. Rc1 Bd7 11. a3 Rb8 12. b4 Nxd4 13. Bxd4 b5 14. e5 dxe5 15. Bxe5 Rb6 16. Qd4 Bc6 17. Qxd8 Rxd8 18. Bc7 1-0

[Event "Quebec op U2000"]
[Site "Montreal CAN"]
[Date "2012.07.27"]
[Round "8"]
[White "Chevalier, Francois"]
[Black "Yao, Houji"]
[Result "0-1"]
[WhiteElo "1808"]
[BlackElo "1885"]
[PlyCount "76"]
[GameId "2160767909442410"]
[EventDate "2012.07.21"]
[EventType "swiss"]
[EventRounds "9"]
[EventCountry "CAN"]
[SourceTitle "EXT 2022"]
[Source "ChessBase"]
[SourceDate "2021.10.06"]
[SourceVersion "1"]
[SourceVersionDate "2021.10.06"]
[SourceQuality "1"]

1. e4 c5 2. Nc3 Nc6 3. f4 d6 4. Nf3 a6 5. g3 e6 6. d3 Qc7 7. Bg2 b5 8. Be3 Bb7 9. O-O Nf6 10. h3 Be7 11. Qe1 Rd8 12. Qf2 Nd7 13. g4 b4 14. Ne2 d5 15. Ng3 O-O 16. g5 f6 17. gxf6 Bxf6 18. e5 Be7 19. Qe2 Rc8 20. h4 Nd8 21. Ng5 h6 22. Qh5 hxg5 23. hxg5 Nxe5 24. g6 Nxg6 25. Qxg6 Bf6 26. Rae1 Bh4 27. Re2 Bxg3 28. Qxg3 Rf6 29. Bh3 d4 30. Bd2 Qf7 31. Kh2 Bd5 32. b3 Nc6 33. Ree1 Ne7 34. Rg1 Rh6 35. Re5 Nf5 36. Qg4 Qf6 37. Qg5 Kf7 38. Be1 Rch8 0-1

[Event "Quebec op U2000"]
[Site "Montreal CAN"]
[Date "2012.07.27"]
[Round "8"]
[White "Cote-Lalumiere, Tristan"]
[Black "Libersan, Mattieu"]
[Result "0-1"]
[WhiteElo "1866"]
[BlackElo "1882"]
[PlyCount "52"]
[GameId "2160767909442411"]
[EventDate "2012.07.21"]
[EventType "swiss"]
[EventRounds "9"]
[EventCountry "CAN"]
[SourceTitle "EXT 2022"]
[Source "ChessBase"]
[SourceDate "2021.10.06"]
[SourceVersion "1"]
[SourceVersionDate "2021.10.06"]
[SourceQuality "1"]

1. e4 c5 2. Nf3 Nc6 3. Nc3 d6 4. d4 cxd4 5. Nxd4 e5 6. Nb3 Nf6 7. Be2 Be7 8. O-O O-O 9. Be3 Be6 10. f4 exf4 11. Bxf4 d5 12. exd5 Nxd5 13. Nxd5 Bxd5 14. Kh1 Bf6 15. c3 Re8 16. Bd3 Ne5 17. Bc2 Qd7 18. Bxe5 Bxe5 19. Qd3 g6 20. Rad1 Rad8 21. Rfe1 Qg4 22. Qe2 Qh3 23. Kg1 Qxh2+ 24. Kf1 Qh1+ 25. Kf2 Qxg2+ 26. Ke3 Bf4+ 0-1

[Event "Quebec op U2000"]
[Site "Montreal CAN"]
[Date "2012.07.27"]
[Round "8"]
[White "Desmarais, Serge"]
[Black "Sarra-Bournet, Marc"]
[Result "0-1"]
[WhiteElo "1633"]
[BlackElo "1883"]
[PlyCount "60"]
[GameId "2160767909442412"]
[EventDate "2012.07.21"]
[EventType "swiss"]
[EventRounds "9"]
[EventCountry "CAN"]
[SourceTitle "EXT 2022"]
[Source "ChessBase"]
[SourceDate "2021.10.06"]
[SourceVersion "1"]
[SourceVersionDate "2021.10.06"]
[SourceQuality "1"]

1. f4 d5 2. b3 Nf6 3. Bb2 c5 4. Nf3 Nc6 5. e3 Bg4 6. Be2 e6 7. Ne5 Nxe5 8. fxe5 Bxe2 9. Qxe2 Nd7 10. O-O Be7 11. Qh5 O-O 12. Qg4 g6 13. Nc3 Nxe5 14. Qh3 Nc6 15. Ne2 e5 16. Rf3 f5 17. Raf1 Bf6 18. Rg3 Bg5 19. d4 cxd4 20. exd4 e4 21. Nf4 Bxf4 22. Rxf4 Qa5 23. Qh6 Ne7 24. h4 Rf6 25. h5 Raf8 26. Rh4 R8f7 27. Bc1 f4 28. hxg6 Qe1+ 29. Kh2 Qxg3+ 30. Kg1 Rxg6 0-1

[Event "Quebec op U2000"]
[Site "Montreal CAN"]
[Date "2012.07.27"]
[Round "8"]
[White "Dubreuil, Raymond"]
[Black "Shi, Ling Yun"]
[Result "1/2-1/2"]
[WhiteElo "1502"]
[BlackElo "1618"]
[PlyCount "85"]
[GameId "2160767909442413"]
[EventDate "2012.07.21"]
[EventType "swiss"]
[EventRounds "9"]
[EventCountry "CAN"]
[SourceTitle "EXT 2022"]
[Source "ChessBase"]
[SourceDate "2021.10.06"]
[SourceVersion "1"]
[SourceVersionDate "2021.10.06"]
[SourceQuality "1"]

1. e4 c5 2. Nc3 Nc6 3. g3 Nf6 4. Bg2 d6 5. d3 g6 6. f4 Bg7 7. Nf3 O-O 8. O-O Rb8 9. a4 Bd7 10. h3 Ne8 11. Nd5 Nc7 12. Ne3 Nd4 13. Kh2 Nxf3+ 14. Bxf3 Ne6 15. c3 Kh8 16. Bg2 Nc7 17. d4 cxd4 18. cxd4 b6 19. Rb1 Rc8 20. b3 Ne6 21. Bb2 b5 22. axb5 Bxb5 23. Rf2 Qd7 24. Rd2 Nc7 25. e5 d5 26. Ba3 Rfd8 27. Rc1 e6 28. Bd6 Ne8 29. Bc5 a6 30. Bf1 Nc7 31. Bb6 Re8 32. Rdc2 Na8 33. Bxb5 axb5 34. Bc5 Bf8 35. Ng4 Qb7 36. Nf6 Red8 37. b4 Nc7 38. Bxf8 Rxf8 39. Nd7 Rfe8 40. Nc5 Qb8 41. Ra2 Qb6 42. Nd7 Qb7 43. Nc5 1/2-1/2

[Event "Quebec op U2000"]
[Site "Montreal CAN"]
[Date "2012.07.27"]
[Round "8"]
[White "Duplessis, Jean-Roch"]
[Black "Lelievre, Aldo"]
[Result "1-0"]
[WhiteElo "1667"]
[BlackElo "1497"]
[PlyCount "59"]
[GameId "2160767909442414"]
[EventDate "2012.07.21"]
[EventType "swiss"]
[EventRounds "9"]
[EventCountry "CAN"]
[SourceTitle "EXT 2022"]
[Source "ChessBase"]
[SourceDate "2021.10.06"]
[SourceVersion "1"]
[SourceVersionDate "2021.10.06"]
[SourceQuality "1"]

1. e4 c5 2. Nf3 Nc6 3. Bb5 a6 4. Bxc6 bxc6 5. c4 d6 6. d3 e6 7. Nc3 Nf6 8. O-O Be7 9. e5 Nd7 10. exd6 Bxd6 11. Ne4 Be7 12. d4 O-O 13. Be3 cxd4 14. Nxd4 Bb7 15. Nb3 Rb8 16. Qc2 f5 17. Nec5 Nxc5 18. Nxc5 Bxc5 19. Bxc5 Rf7 20. Rad1 Qa5 21. b4 Qc7 22. Bd6 Qc8 23. Bxb8 Qxb8 24. c5 Rf6 25. Rd6 Qe8 26. Rfd1 Rf8 27. Qc4 Bc8 28. Qh4 Qg6 29. Rd8 f4 30. Qxf4 1-0

[Event "Quebec op U2000"]
[Site "Montreal CAN"]
[Date "2012.07.27"]
[Round "8"]
[White "Gauthier, Luc"]
[Black "Perna-Fraser, David"]
[Result "0-1"]
[WhiteElo "1755"]
[BlackElo "1701"]
[PlyCount "90"]
[GameId "2160767909442415"]
[EventDate "2012.07.21"]
[EventType "swiss"]
[EventRounds "9"]
[EventCountry "CAN"]
[SourceTitle "EXT 2022"]
[Source "ChessBase"]
[SourceDate "2021.10.06"]
[SourceVersion "1"]
[SourceVersionDate "2021.10.06"]
[SourceQuality "1"]

1. e4 e5 2. Nc3 Nf6 3. f4 d5 4. fxe5 Nxe4 5. d3 Qh4+ 6. g3 Nxc3 7. bxc3 Qe7 8. d4 Nc6 9. a4 Be6 10. Ba3 Qd7 11. Nf3 Bxa3 12. Rxa3 Bh3 13. Bxh3 Qxh3 14. Ng5 Qf5 15. Nf3 Na5 16. O-O O-O 17. Qd3 Qxd3 18. cxd3 Nc6 19. Rb3 b6 20. Rb2 Rae8 21. Re2 Re6 22. Rfe1 f6 23. c4 Nb4 24. cxd5 Nxd5 25. exf6 Rxe2 26. Rxe2 gxf6 27. Rc2 Rf7 28. a5 Nb4 29. Rc4 bxa5 30. Rc5 Nxd3 31. Rxa5 c6 32. Kf1 Nb4 33. Rc5 Rd7 34. Ke2 Kf7 35. Kd2 Rd5 36. Kc3 Rxc5+ 37. dxc5 Nd5+ 38. Kc4 Ke7 39. Nd4 Kd7 40. Nf5 a5 41. Kb3 Nb4 42. Ka4 Nd3 43. Kxa5 Nxc5 44. Kb4 Ne4 45. Kc4 Nd6+ 0-1

[Event "Quebec op U2000"]
[Site "Montreal CAN"]
[Date "2012.07.27"]
[Round "8"]
[White "Girard, Sylvain"]
[Black "Balogh, Alex"]
[Result "0-1"]
[WhiteElo "1588"]
[BlackElo "1862"]
[PlyCount "54"]
[GameId "2160767909442416"]
[EventDate "2012.07.21"]
[EventType "swiss"]
[EventRounds "9"]
[EventCountry "CAN"]
[SourceTitle "EXT 2022"]
[Source "ChessBase"]
[SourceDate "2021.10.06"]
[SourceVersion "1"]
[SourceVersionDate "2021.10.06"]
[SourceQuality "1"]

1. e4 d6 2. d4 Nf6 3. Nc3 g6 4. Be3 Bg7 5. f3 c6 6. Bd3 Nbd7 7. Qd2 b5 8. a3 a6 9. Bh6 Bxh6 10. Qxh6 e5 11. Nge2 Qb6 12. d5 c5 13. Ng3 c4 14. Be2 Bb7 15. Nd1 O-O-O 16. Ne3 Kb8 17. O-O Ng8 18. Qg7 Qxe3+ 19. Kh1 Ngf6 20. Qxf7 Rhf8 21. Qe6 Qc5 22. b3 c3 23. b4 Qc7 24. a4 Nb6 25. axb5 Bc8 26. Rxa6 Bxe6 27. dxe6 Kb7 0-1

[Event "Quebec op U2000"]
[Site "Montreal CAN"]
[Date "2012.07.27"]
[Round "8"]
[White "Johnson, Nicholas1"]
[Black "Giroux, Robert"]
[Result "0-1"]
[WhiteElo "1725"]
[BlackElo "1845"]
[PlyCount "72"]
[GameId "2160767909442417"]
[EventDate "2012.07.21"]
[EventType "swiss"]
[EventRounds "9"]
[EventCountry "CAN"]
[SourceTitle "EXT 2022"]
[Source "ChessBase"]
[SourceDate "2021.10.06"]
[SourceVersion "1"]
[SourceVersionDate "2021.10.06"]
[SourceQuality "1"]

1. c4 d6 2. g3 e5 3. Bg2 f5 4. d4 Be7 5. Nc3 Nd7 6. dxe5 dxe5 7. e4 Nc5 8. Qxd8+ Bxd8 9. exf5 Bxf5 10. Be3 Nd3+ 11. Ke2 c6 12. Be4 Bxe4 13. Nxe4 Nxb2 14. Nd6+ Ke7 15. c5 Na4 16. Nf3 Ke6 17. Nxb7 Be7 18. Na5 Rc8 19. Rac1 Nf6 20. Rc4 Nd5 21. Rhc1 Nb2 22. Re4 Bf6 23. Nxe5 Kf5 24. Nf7 Kxe4 25. Nxh8 Rxh8 26. Nxc6 Ra8 27. g4 Nc3+ 28. Kf1 Nd3 29. Rc2 Nd5 30. Rc4+ Kf3 31. Bd2 N5f4 32. Bxf4 Nxf4 33. g5 Bb2 34. Ne7 Rd8 35. Rxf4+ Kxf4 36. Kg2 Ba3 0-1

[Event "Quebec op U2000"]
[Site "Montreal CAN"]
[Date "2012.07.27"]
[Round "8"]
[White "Lalumiere, Claude"]
[Black "Pichette, Mickaelin"]
[Result "0-1"]
[WhiteElo "1825"]
[BlackElo "1863"]
[PlyCount "56"]
[GameId "2160767909442418"]
[EventDate "2012.07.21"]
[EventType "swiss"]
[EventRounds "9"]
[EventCountry "CAN"]
[SourceTitle "EXT 2022"]
[Source "ChessBase"]
[SourceDate "2021.10.06"]
[SourceVersion "1"]
[SourceVersionDate "2021.10.06"]
[SourceQuality "1"]

1. e4 c5 2. Nf3 e6 3. d4 Nf6 4. Bd3 c4 5. Bxc4 Nxe4 6. O-O d5 7. Bd3 f5 8. Ne5 Qh4 9. Nd2 Bd6 10. Ndf3 Qf6 11. c3 Nc6 12. Qa4 Bxe5 13. Nxe5 O-O 14. Nxc6 bxc6 15. Qxc6 Rb8 16. f3 Ng5 17. Qc7 Rb7 18. Qf4 h6 19. Ba6 e5 20. Qxe5 Qxa6 21. Qxd5+ Be6 22. Qe5 f4 23. Rf2 Rf5 24. Qe2 Bc4 25. Qe8+ Kh7 26. Qc8 Nh3+ 27. gxh3 Rg5+ 28. Kh1 Re7 0-1

[Event "Quebec op U2000"]
[Site "Montreal CAN"]
[Date "2012.07.27"]
[Round "8"]
[White "Langlois-Remillard, Alexis"]
[Black "Nazarian, Arash"]
[Result "1-0"]
[WhiteElo "1783"]
[BlackElo "1379"]
[PlyCount "103"]
[GameId "2160767909442419"]
[EventDate "2012.07.21"]
[EventType "swiss"]
[EventRounds "9"]
[EventCountry "CAN"]
[SourceTitle "EXT 2022"]
[Source "ChessBase"]
[SourceDate "2021.10.06"]
[SourceVersion "1"]
[SourceVersionDate "2021.10.06"]
[SourceQuality "1"]

1. g3 d5 2. Bg2 e5 3. d3 Nf6 4. Nf3 Bd6 5. O-O c6 6. Nbd2 Bf5 7. Re1 e4 8. Nh4 Bg6 9. Nxg6 fxg6 10. dxe4 O-O 11. exd5 Ng4 12. Ne4 Be5 13. dxc6 Nxc6 14. Qxd8 Raxd8 15. h3 Nd4 16. hxg4 Nxc2 17. Bg5 Bf6 18. Bxf6 gxf6 19. Rad1 Nxe1 20. Rxe1 b6 21. Rc1 Rc8 22. Rxc8 Rxc8 23. Nc3 Kg7 24. Bd5 Rc5 25. a4 a6 26. e4 b5 27. axb5 axb5 28. f4 b4 29. Na4 Ra5 30. b3 f5 31. gxf5 gxf5 32. Kf2 fxe4 33. Bxe4 Ra7 34. Ke3 Kf6 35. g4 h6 36. Kd4 Rc7 37. Nc5 Ra7 38. Kc4 Ra1 39. Kxb4 Rf1 40. Nd3 Rg1 41. Nf2 Re1 42. Bb7 Re7 43. Ne4+ Ke6 44. Bc6 Rf7 45. f5+ Ke5 46. Kc5 Kf4 47. f6 Kxg4 48. Bd5 Rf8 49. f7 Kf5 50. Kd6 Kg6 51. Ke7 Kg7 52. Ng3 1-0

[Event "Quebec op U2000"]
[Site "Montreal CAN"]
[Date "2012.07.27"]
[Round "8"]
[White "Millette, Sylvain"]
[Black "Jureidini, Gabriel"]
[Result "0-1"]
[WhiteElo "1666"]
[BlackElo "1725"]
[PlyCount "78"]
[GameId "2160767909442420"]
[EventDate "2012.07.21"]
[EventType "swiss"]
[EventRounds "9"]
[EventCountry "CAN"]
[SourceTitle "EXT 2022"]
[Source "ChessBase"]
[SourceDate "2021.10.06"]
[SourceVersion "1"]
[SourceVersionDate "2021.10.06"]
[SourceQuality "1"]

1. Nf3 Nf6 2. g3 d6 3. Bg2 c6 4. O-O Nbd7 5. d4 e5 6. dxe5 dxe5 7. b3 Qc7 8. Ng5 Be7 9. Bb2 O-O 10. c4 a5 11. Nc3 Nc5 12. Qc2 Bg4 13. Nce4 Nfxe4 14. Nxe4 Ne6 15. e3 f5 16. f3 Bh5 17. Nc3 Bc5 18. Nd1 f4 19. Qe4 fxe3 20. Kh1 Bg6 21. Bxe5 Bxe4 22. Bxc7 e2 23. Re1 exd1=Q 24. Raxd1 Nxc7 25. fxe4 Rad8 26. Bh3 Rfe8 27. Bd7 Re7 28. Bf5 Rxd1 29. Rxd1 g6 30. Bc8 Ne6 31. Kg2 Nd4 32. Re1 b6 33. e5 Kg7 34. e6 Kf6 35. Rf1+ Ke5 36. Kh3 Nxe6 37. Re1+ Kd6 38. Kg4 h5+ 39. Kh4 g5+ 0-1